[Event "Pan American Intercollegiate-chT"]
[Site "Columbus"]
[Date "2017.12.28"]
[Round "2.1"]
[White "Zapata Hincapie, Jhon Alexander"]
[Black "Robson, Ray"]
[Result "0-1"]
[WhiteElo "2053"]
[BlackElo "2645"]
[PlyCount "104"]
[EventDate "2017.12.27"]
[EventType "team-swiss"]
[EventRounds "6"]
[EventCountry "USA"]
[SourceTitle "CBM 182 Extra"]
[Source "ChessBase"]
[SourceDate "2018.02.23"]
[SourceVersion "1"]
[SourceVersionDate "2018.02.23"]
[SourceQuality "1"]
[WhiteTeam "Texas Tech Univ II"]
[BlackTeam "Webster"]
[WhiteTeamCountry "USA"]
[BlackTeamCountry "USA"]

1. e4 c5 2. Nf3 d6 3. Bb5+ Nd7 4. 0-0 a6 5. Bd3 g6 6. c3 Bg7 7. Bc2 Ngf6 8. a4 b6 9. d4 Bb7 10. Re1 0-0 11. Nbd2 Qc7 12. Nf1 b5 13. Ng3 e5 14. h3 cxd4 15. cxd4 Rac8 16. Re2 bxa4 17. Bxa4 exd4 18. Nxd4 Nc5 19. Bc2 Rfe8 20. Bf4 Nfxe4 21. Nxe4 Nxe4 22. Bxe4 Rxe4 23. Rxe4 Bxe4 24. Rc1 Qb7 25. Rxc8+ Qxc8 26. Ne2 Qc6 27. f3 Qc5+ 28. Kh1 Bc2 29. Qd2 Be5 30. Be3 Qc4 31. b4 Bd3 32. Nc1 Bf5 33. Ne2 Qd3 34. Kg1 Qxd2 35. Bxd2 Bd3 36. Kf2 Bxe2 37. Kxe2 Kf8 38. Kd3 d5 39. f4 Bf6 40. g4 Ke7 41. Be3 Kd6 42. Bf2 Kc6 43. Kc2 Kb5 44. Kb3 Be7 45. Be1 Bd6 46. f5 gxf5 47. gxf5 d4 48. Bd2 d3 49. Be1 Bf4 50. Bd2 Bd6 51. Be1 Bf4 52. Bc3 h5 0-1

[Event "American Continental 13th"]
[Site "Medellin"]
[Date "2017.06.14"]
[Round "7"]
[White "Viveros Torres, Erica Johana"]
[Black "Zapata Hincapie, Jhon Alexander"]
[Result "0-1"]
[WhiteElo "1828"]
[BlackElo "2055"]
[PlyCount "70"]
[EventDate "2017.06.10"]
[EventType "swiss"]
[EventRounds "11"]
[EventCountry "COL"]
[SourceTitle "CBM 178 Extra"]
[Source "ChessBase"]
[SourceDate "2017.06.22"]
[SourceVersion "1"]
[SourceVersionDate "2017.06.22"]
[SourceQuality "1"]

1. e4 c5 2. Nf3 d6 3. d4 cxd4 4. Nxd4 Nf6 5. Nc3 a6 6. Be2 e6 7. 0-0 Qc7 8. a4 b6 9. f4 Bb7 10. Bf3 Nbd7 11. Qe1 e5 12. Nde2 Be7 13. Kh1 0-0 14. f5 Rfe8 15. g4 Nc5 16. Ng3 d5 17. g5 Nfxe4 18. Ngxe4 Nxe4 19. Nxe4 dxe4 20. Bxe4 Rad8 21. Bxb7 Qxb7+ 22. Kg1 Rd4 23. Qg3 Re4 24. Rf3 Bc5+ 25. Kf1 Qd7 26. c3 Qd1+ 27. Kg2 Re1 28. Be3 Qxa1 29. Bxc5 bxc5 30. Kh3 Rg1 31. Qf2 Rxg5 32. Qxc5 Qxa4 33. b4 Qc2 34. Qf2 Qe4 35. Rg3 Rh5# 0-1

[Event "Central America Carribean-ch U20"]
[Site "Medellin"]
[Date "2009.07.30"]
[Round "1"]
[White "Becerra, Juan David"]
[Black "Zapata Hincapie, Jhon Alexander"]
[Result "1-0"]
[WhiteElo "2231"]
[BlackElo "2005"]
[PlyCount "53"]
[EventDate "2009.07.30"]
[EventType "swiss"]
[EventRounds "9"]
[EventCountry "COL"]
[SourceTitle "CBM 131 Extra"]
[Source "ChessBase"]
[SourceDate "2009.09.03"]
[SourceVersion "2"]
[SourceVersionDate "2009.09.16"]
[SourceQuality "1"]

1. e4 c5 2. Nf3 d6 3. c3 Nf6 4. Be2 Nbd7 5. d3 g6 6. 0-0 Bg7 7. Re1 0-0 8. Nbd2 e5 9. Nc4 Qc7 10. Bg5 h6 11. Bh4 Nh5 12. Be7 Re8 13. Bxd6 Qc6 14. d4 exd4 15. cxd4 b5 16. dxc5 bxc4 17. Bxc4 Nb6 18. Bb3 Bg4 19. cxb6 Qxb6 20. e5 Nf4 21. h3 Bh5 22. Qd4 Nxh3+ 23. gxh3 Bxf3 24. Qf4 Qb7 25. Rac1 Bd5 26. Rc7 Qb5 27. Rc5 1-0

[Event "Medellin Feria de las Flores op"]
[Site "Medellin"]
[Date "2008.08.06"]
[Round "4.34"]
[White "Zapata Hincapie, Jhon Alexander"]
[Black "Lopez Idarraga, Daniel Eduardo"]
[Result "0-1"]
[WhiteElo "2020"]
[BlackElo "1923"]
[PlyCount "38"]
[EventDate "2008.08.06"]
[EventType "swiss"]
[EventRounds "9"]
[EventCountry "COL"]
[SourceTitle "EXT 2024"]
[Source "ChessBase"]
[SourceDate "2023.10.10"]
[SourceVersion "1"]
[SourceVersionDate "2023.10.10"]
[SourceQuality "1"]

1. e4 e6 2. d4 d5 3. Nd2 Nf6 4. Bd3 c5 5. e5 Nfd7 6. c3 Nc6 7. Ne2 Qb6 8. Nf3 cxd4 9. cxd4 f6 10. Nf4 fxe5 11. dxe5 Bb4+ 12. Kf1 Ndxe5 13. Nxe5 Nxe5 14. Qh5+ Nf7 15. Bxh7 Bd7 16. Ng6 0-0-0 17. Nxh8 Rxh8 18. Qxf7 Rf8 19. Be3 Qa6+ 0-1

[Event "Medellin Region-ch"]
[Site "Medellin"]
[Date "2008.05.10"]
[Round "4"]
[White "Zapata Hincapie, Jhon Alexander"]
[Black "Palacios Parra, Ivan"]
[Result "1-0"]
[WhiteElo "2015"]
[BlackElo "1613"]
[PlyCount "91"]
[EventDate "2008.05.08"]
[EventType "swiss"]
[EventRounds "7"]
[EventCountry "COL"]
[SourceTitle "EXT 2024"]
[Source "ChessBase"]
[SourceDate "2023.10.10"]
[SourceVersion "1"]
[SourceVersionDate "2023.10.10"]
[SourceQuality "1"]

1. d4 d5 2. Nf3 Nf6 3. g3 c6 4. Bg2 Nbd7 5. 0-0 Ne4 6. c4 dxc4 7. Qc2 Nd6 8. Ne5 Nb6 9. Nd2 Be6 10. f4 f6 11. Nef3 Nf5 12. Qe4 Qd5 13. e3 Nd6 14. Qc2 Bf5 15. Qd1 Qf7 16. a4 0-0-0 17. Re1 Bd3 18. e4 e6 19. a5 Nd7 20. Qa4 h6 21. e5 fxe5 22. fxe5 Nb5 23. Nxc4 Bxc4 24. Qxc4 a6 25. Rf1 Qe8 26. Be3 Nc7 27. Ne1 Nd5 28. Bd2 Be7 29. Nd3 Bg5 30. Bxg5 hxg5 31. Qc1 Qg6 32. Nf2 Rdf8 33. Ne4 Rxf1+ 34. Bxf1 Qh5 35. h3 Qf3 36. Bg2 Qd3 37. Qd1 Qe3+ 38. Kh2 Kc7 39. Ra3 Rxh3+ 40. Kxh3 g4+ 41. Kh2 Qh6+ 42. Kg1 Nf8 43. Qd2 Qh7 44. Rb3 Nd7 45. Qc2 c5 46. Rxb7+ 1-0